Asertívny model pre zákazníka

Asertívny model prístupu k zákazníkovi. Dve základné roviny využívania asertívneho modelu.

Salvato in:
Dettagli Bibliografici
Autore principale: Adamková, Hana, 1969-
Natura: Capitolo di libro
Lingua:slovacco
Soggetti:
Tags: Aggiungi Tag
Nessun Tag, puoi essere il primo ad aggiungerne!!

MARC

LEADER 00000naa a2200000 4500
001 r049015
005 20240502071343.8
041 0 |a slo 
044 |a SK 
245 1 0 |a Asertívny model pre zákazníka  |c Hana Adamková 
520 |a Asertívny model prístupu k zákazníkovi. Dve základné roviny využívania asertívneho modelu. 
610 2 0 |a psychológia predaja 
610 2 0 |a zákazníci 
610 2 0 |a predajcovia 
610 2 0 |a vzťahy obchodné 
610 2 0 |a správanie spotrebiteľa 
100 1 |a Adamková, Hana, 1969-